000 00448nam a22001697a 4500
999 _c11723
_d11723
008 201231b 2014 ||||| |||| 00| 0 eng d
020 _a8121902819
082 _a001.424
_bGUP
245 _aOperations research
260 _aNew Delhi
_bS. Chand
_c2014
300 _axii,1418p.
504 _a"Includes Appendices and Index".
650 _aLinear Programming
650 _aThe Assignment Model
650 _aDynamic Programming
942 _cBK